Stati per consumo di Alcol pro capite - Statistics

Statistiche generali
  • Questo quiz è stato fatto 25 volte
  • Il punteggio medio è 5 su 10
Statistiche sulle risposte
Consumo di alcol pro capite (litri) Continente Nazione % Corretto
13,4 Europa Germania
96%
13,0 Europa Irlanda
75%
12,9 Europa Lettonia
67%
12,7 Europa Bulgaria
58%
15,0 Europa Lituania
54%
14,4 Europa Repubblica Ceca
54%
15,2 Europa Moldavia
50%
13,0 Europa Lussemburgo
33%
13,4 Africa Nigeria
33%
13,8 Africa Seychelles
17%
Nessun quiz corrispondente trovato
Distribuzione punteggi
Percentuale di utenti per punteggio
Percentile per numero di risposta
I tuoi punteggi nel tempo
Non hai fatto questo quiz